Banco de información de los sistemas de seguridad social iberoamericanos / (Registro nro. 6033)

Detalles MARC
000 -LEADER
fixed length control field 00923nam a2200229Ia 4500
003 - CONTROL NUMBER IDENTIFIER
control field OSt
005 - DATE AND TIME OF LATEST TRANSACTION
control field 20200819155832.0
008 - FIXED-LENGTH DATA ELEMENTS--GENERAL INFORMATION
fixed length control field 191128s1996 ck gr 000 0 spa d
040 ## - CATALOGING SOURCE
Original cataloging agency Co-JMCR
Transcribing agency Co-JMCR
041 0# - LANGUAGE CODE
Language code of text/sound track or separate title spa
082 04 - DEWEY DECIMAL CLASSIFICATION NUMBER
Classification number 368.4 /
Item number O686b
Edition number 23
110 1# - MAIN ENTRY--CORPORATE NAME
Corporate name or jurisdiction name as entry element Organización Iberoamericana de Seguridad Social
9 (RLIN) 8919
245 10 - TITLE STATEMENT
Title Banco de información de los sistemas de seguridad social iberoamericanos /
Statement of responsibility, etc. Organización Iberoamericana de Seguridad Social
260 ## - PUBLICATION, DISTRIBUTION, ETC.
Place of publication, distribution, etc. Madrid :
Name of publisher, distributor, etc. Organización Iberoamericana de Seguridad Social,
Date of publication, distribution, etc. 1996.
300 ## - PHYSICAL DESCRIPTION
Extent 258 páginas ;
Dimensions 30 x 21 cm.
505 0# - FORMATTED CONTENTS NOTE
Formatted contents note Información comparada de los sistemas de seguridad social iberoamericanos -- Plan estadístico iberoamericano de seguridad social
650 24 - SUBJECT ADDED ENTRY--TOPICAL TERM
Topical term or geographic name entry element Seguridad social
9 (RLIN) 6217
650 24 - SUBJECT ADDED ENTRY--TOPICAL TERM
Topical term or geographic name entry element Prestaciones económicas
9 (RLIN) 8920
650 24 - SUBJECT ADDED ENTRY--TOPICAL TERM
Topical term or geographic name entry element Empresas de servicios
9 (RLIN) 8921
650 24 - SUBJECT ADDED ENTRY--TOPICAL TERM
Topical term or geographic name entry element Bases de datos
9 (RLIN) 1875
942 ## - ADDED ENTRY ELEMENTS (KOHA)
Source of classification or shelving scheme Dewey Decimal Classification
Koha item type Books
Existencias
Withdrawn status Lost status Source of classification or shelving scheme Materials specified (bound volume or other part) Damaged status Not for loan Home library Current library Shelving location Date acquired Source of acquisition Total Checkouts Full call number Barcode Date last seen Date last checked out Copy number Price effective from Koha item type
    Dewey Decimal Classification Donación--15/04/2018--     Biblioteca Pública José María del Castillo y Rada Biblioteca Pública José María del Castillo y Rada General Stacks 11/28/2019 Donación 1 368.4 / O686b 430011536 08/20/2025 08/19/2025 Ej.1 11/28/2019 Books